Влаковете (Запис номер 495547)
[ съкратено ]
| 000 -Лидер | |
|---|---|
| Лидер | 01830nam a2200361 a 4500 |
| 003 - Код на организацията, давaща контролен номер | |
| Код на организацията, даваща контролен номер | BLK |
| 005 - Дата и час на последна редакция | |
| Дата и час на последна редакция | 20250726114748.0 |
| 008 - Елементи от данни с фиксирана дължина | |
| Елементи с фиксирана дължина | 180411b bul|||||r ||||||| ||bul|| |
| 020 ## - Международен стандартен номер на книга ISBN | |
| ISBN | 9786191997893 |
| 020 ## - Международен стандартен номер на книга ISBN | |
| ISBN | 3800083831778 |
| 040 ## - Източник на каталожния запис | |
| Код на библиотеката | BLK |
| 041 ## - Код за език | |
| Език | Български |
| Език за КДБФ | Български |
| 080 ## - УДК | |
| УДК текст | Железопътни транспортни средства. Влакове |
| УДК код | 629.4 |
| УДК – определител | :087.5 |
| УДК – код + определител | 629.4:087.5 |
| 080 ## - УДК | |
| УДК текст | Издания за деца и юноши. Книжки-картинки. Читанки. Вж и 372.4 |
| УДК код | 087.5 |
| УДК – определител | :629.4 |
| УДК – код + определител | 087.5:629.4 |
| 9 (RLIN) | 231478 |
| 100 1# - Редна дума - Автор | |
| Автор | Ерне, Андреа |
| Години, свързани с автора | 1958 - |
| Биография на автора | Немска писателка, автор на детска литература |
| R(LIN) | 67544 |
| 245 10 - Сведения за заглавието | |
| Заглавие | Влаковете |
| Подзаглавни данни | Енциклопедия за най-малките : с повдигащи се капачета на всяка страница |
| Авторска отговорност | Андреа Ерне ; ил. Марион Краймейер-Висе ; прев. от нем. Розалина Палазова |
| 260 ## - Област на издателските данни | |
| Място на издаване | София |
| Име на издателя | Фют |
| Година на издаване | 2023 |
| Печатница | Китай |
| 300 ## - Физическа характеристика | |
| Брой страници | 16 с. : |
| Илюстрации | с цв. ил. |
| Размер | 20 см |
| 380 ## - Жанр | |
| Жанр | Детска отраслова лит. |
| 490 ## - СЕРИИ (Колекции) | |
| 9 (RLIN) | 208015 |
| Серия | Поредица Защо? Какво? Как? |
| Номер в серията | 38 |
| 650 #0 - Допълнително описание по предмет – тема | |
| Предметна рубрика | Транспорт, железопътен |
| 9 (RLIN) | 279351 |
| 650 #7 - Допълнително описание по предмет – тема | |
| Предметна рубрика | Влакове |
| 9 (RLIN) | 150914 |
| 650 #0 - Допълнително описание по предмет – тема | |
| Предметна рубрика | Детска и юношеска литература |
| 9 (RLIN) | 243025 |
| 653 ## - Ключова дума – ненормативна | |
| 9 (RLIN) | 186344 |
| Ключови думи | енциклопедии |
| 700 1# - Други автори (авторска отговорност) | |
| Друг автор | Палазова, Розалина Борилова |
| Друга информация | Журналист. Преводач от немски език. |
| 9 (RLIN) | 105705 |
| 765 ## - Описание на заглавието на оригиналният език | |
| Редна дума на основното описание | Der Rettungsfahrzeuge |
| 852 ## - Местоположение | |
| Сигнатура (форматна) | Цб 320173 |
| Отдел | Хранилище |
| 856 ## - Електронен адрес и достъп | |
| Инструкция (цена за достъп) | 0.00 |
| Права за достъп | disable |
| 942 ## - АРТИКУЛИ | |
| Вид на библиотечния документ | Книги |
| Скрит в OPAC | Не |
| Периодичен библиозапис | Да |
| Koha issues (borrowed), all copies | 74 |
| 944 ## - СЪЗДАВАНЕ И РЕДАКЦИЯ на ЗАПИСА | |
| Дата на регистрацията/редакция | 2023 |
| Служител, извършил регистрацията/редакцията | 30552 |
| Номер на служител | Виолета Тройчева |
| 999 ## - СИСТЕМНИ КОНТРОЛНИ НОМЕРА | |
| Koha biblionumber | 495547 |
| Koha biblioitemnumber | 495547 |
| 999 ## - СИСТЕМНИ КОНТРОЛНИ НОМЕРА | |
| Koha biblioitemnumber | 495547 |
| Код за отписване | Код за изгубен артикул | Източник на класификационната схема | Код за повреда | Код за отдаване | Артикулен № | Име на библиотеката - собственик | Име на библиотеката, в която се намира в момента | Статус (Текущо местоположение) | Дата на вписване в системата | Местоположение - отдел | Цена в лева | Инвентарен номер | Систематично азбучна сигнатура | Баркод | Цена в евро | Служебен тип на артикула |
|---|---|---|---|---|---|---|---|---|---|---|---|---|---|---|---|---|
| Не е изгубен | Universal Decimal Classification | Не е повреден | заемане за дома | 933665 | Регионална библиотека "Любен Каравелов" Русе | Регионална библиотека "Любен Каравелов" Русе | Детски отдел | 2023-09-15 | Детски отдел | 14.90 | 120000892770 | 629/Е 82 А | 120000892770 | 7.62 | Книги | |
| Не е изгубен | Universal Decimal Classification | Не е повреден | заемане за дома | 933666 | Регионална библиотека "Любен Каравелов" Русе | Регионална библиотека "Любен Каравелов" Русе | Детски отдел | 2023-09-15 | Детски отдел | 14.90 | 120000892774 | 629/Е 82 А | 120000892774 | 7.62 | Книги | |
| Не е изгубен | Universal Decimal Classification | Не е повреден | заемане за дома | 933667 | Регионална библиотека "Любен Каравелов" Русе | Регионална библиотека "Любен Каравелов" Русе | Детски отдел | 2023-09-15 | Детски отдел | 14.90 | 120000892772 | 629/Е 82 А | 120000892772 | 7.62 | Книги | |
| Не е изгубен | Universal Decimal Classification | Не е повреден | заемане за дома | 933668 | Регионална библиотека "Любен Каравелов" Русе | Регионална библиотека "Любен Каравелов" Русе | Детски отдел | 2023-09-15 | Детски отдел | 14.90 | 120000892773 | 629/Е 82 А | 120000892773 | 7.62 | Книги | |
| Не е изгубен | Universal Decimal Classification | Не е повреден | заемане за дома | 933669 | Регионална библиотека "Любен Каравелов" Русе | Регионална библиотека "Любен Каравелов" Русе | Детски отдел | 2023-09-15 | Детски отдел | 14.90 | 120000892771 | 629/Е 82 А | 120000892771 | 7.62 | Книги | |
| Не е изгубен | Universal Decimal Classification | Не е повреден | ползва се в читалня | 935934 | Регионална библиотека "Любен Каравелов" Русе | Регионална библиотека "Любен Каравелов" Русе | Хранилище | 2023-11-06 | Хранилище | 14.90 | 120000894992 | Цб 320173 | 120000894992 | 7.62 | Книги |